| 000 | 00758nam a2200229Ia 4500 | ||
|---|---|---|---|
| 003 | OSt | ||
| 005 | 20220926033634.0 | ||
| 006 | a|||||r|||| 00| 0 | ||
| 007 | ta | ||
| 008 | 220923b |||||||| |||| 00| 0 eng d | ||
| 037 | _cGeneral Book | ||
| 040 |
_aRTL _cRTL _beng |
||
| 041 |
_2eng _aeng |
||
| 082 | _aX71.252.N75 - N74s, L5 | ||
| 110 |
_aUttar Pradesh, economic and statistical (Deptt.) _9339557 |
||
| 245 | 0 | _aEconomic classification of uttar pradesh government budget. | |
| 260 |
_aUttar Pradesh _bEconomec and statistical department _c1975 |
||
| 300 |
_a42p. _ccm. |
||
| 700 |
_aUttar Pradesh, economic and statistical (Deptt.) _9339558 |
||
| 942 |
_hX71.252.N75 - N74s, L5 _cGB _2CC |
||
| 999 |
_c657331 _d657331 |
||